[Event "AUTO-OPEN-680"]
[Site "http://www.queenalice.com/game.php?id=218301"]
[Date "2007.5.30"]
[Round "1"]
[White "ikilldavids"]
[Black "Count_Isouard"]
[Result "1-0"]
[WhiteElo "2062"]
[BlackElo "1725"]

1. d4 Nf6 2. c4 e5 3. dxe5 Ng4 4. Nf3 Bc5 5. e3 Nc6 6. Nc3 Ngxe5 7. Ne4 Bb4+ 8.
Bd2 Bxd2+ 9. Qxd2 Qe7 10. Nxe5 Nxe5 11. Nc3 d6 12. Nd5 Qd8 13. Be2 c6 14. Nf4
Bf5 15. Rd1 O-O 16. O-O Qh4 17. Qxd6 Ng4 18. h3 Nf6 19. Qc7 g5 20. Qe5 gxf4 21.
Qxf5 fxe3 22. fxe3 Kg7 23. Rf4 1-0

[Event "AUTO-OPEN-680"]
[Site "http://www.queenalice.com/game.php?id=218302"]
[Date "2007.5.30"]
[Round "1"]
[White "Count_Isouard"]
[Black "ikilldavids"]
[Result "0-1"]
[WhiteElo "1806"]
[BlackElo "1931"]

1. e4 e6 2. d4 d5 3. Nc3 c5 4. Be3 cxd4 5. Bxd4 dxe4 6. Qd2 Nc6 7. Bb5 Bd7 8.
Be3 Nf6 9. O-O-O a6 10. Be2 Bb4 11. a3 Ba5 12. b4 Nxb4 13. axb4 Bxb4 14. Bd4 Nd5
15. Kb2 Rc8 16. Qc1 Bxc3+ 0-1

[Event "AUTO-OPEN-680"]
[Site "http://www.queenalice.com/game.php?id=218333"]
[Date "2007.5.30"]
[Round "1"]
[White "Count_Isouard"]
[Black "IMS"]
[Result "0-1"]
[WhiteElo "1736"]
[BlackElo "2044"]

1. e4 Nc6 2. d4 d5 3. e5 Bf5 4. c3 e6 5. f4 h5 6. Nf3 Bg4 7. Bd3 g6 8. Nbd2 Nh6
9. Nf1 Ne7 10. Ne3 Nef5 11. Nxg4 hxg4 12. Ng5 Be7 13. Qb3 Qc8 14. Bd2 Nh4 15.
Rg1 c5 16. Bb5+ Kf8 17. Be2 cxd4 18. cxd4 N4f5 19. Rc1 Qd7 20. Bb5 Qd8 21. Be3
Nxe3 22. Qxe3 Qa5+ 23. Kf2 Qxb5 0-1

[Event "AUTO-OPEN-680"]
[Site "http://www.queenalice.com/game.php?id=218334"]
[Date "2007.5.30"]
[Round "1"]
[White "IMS"]
[Black "Count_Isouard"]
[Result "1-0"]
[WhiteElo "1981"]
[BlackElo "1637"]

1. e4 Nc6 2. Nc3 d6 3. f4 g6 4. d4 f6 5. Bb5 a6 6. Ba4 b5 7. Bb3 Na5 8. Nf3 Nxb3
9. axb3 Bd7 10. O-O Bg7 11. Be3 Nh6 12. h3 Nf7 13. b4 O-O 14. g4 Qc8 15. Nd5 e6
16. Ne7+ 1-0

[Event "Challenge"]
[Site "http://www.queenalice.com/game.php?id=219427"]
[Date "2007.6.1"]
[Round "-"]
[White "Count_Isouard"]
[Black "CampbellMarcel"]
[Result "1-0"]
[WhiteElo "1723"]
[BlackElo "1821"]

1. e4 c5 2. Nf3 Nc6 3. d4 cxd4 4. Nxd4 e5 5. Nb5 Qa5+ 6. N1c3 Bb4 7. Nd6+ Bxd6
8. Qxd6 Nge7 9. Bc4 O-O 10. Bg5 Qd8 11. O-O-O h6 12. Be3 Na5 13. Bb5 Nec6 14. b4
a6 15. Be2 Nxb4 16. Qxb4 Nc6 17. Qd6 b5 18. Nd5 Qa5 19. Kb1 f5 20. Bb6 Qa4 21.
Bc5 Rf7 22. Bh5 Rf6 23. Nxf6+ gxf6 24. Qf8+ 1-0

[Event "Challenge"]
[Site "http://www.queenalice.com/game.php?id=220519"]
[Date "2007.6.4"]
[Round "-"]
[White "Count_Isouard"]
[Black "kloosterveen"]
[Result "1-0"]
[WhiteElo "1623"]
[BlackElo "1721"]

1. e4 e5 2. f4 exf4 3. Nf3 h6 4. h4 g6 5. d4 Bg7 6. Bxf4 Nf6 7. Nc3 O-O 8. Qd2
Kh7 9. O-O-O d6 10. Bd3 Bg4 11. e5 Ne8 12. h5 Nd7 13. hxg6+ fxg6 14. Bxh6 1-0

[Event "Let's Play Chess!"]
[Site "http://www.queenalice.com/game.php?id=222918"]
[Date "2007.6.10"]
[Round "-"]
[White "Rutty"]
[Black "Count_Isouard"]
[Result "1-0"]
[WhiteElo "1918"]
[BlackElo "1767"]

1. d4 Nf6 2. c4 c5 3. d5 b5 4. b3 g6 5. Bb2 Bg7 6. e3 bxc4 7. Bxc4 O-O 8. Nf3 d6
9. Nbd2 Nbd7 10. O-O Nb6 11. Re1 Nbxd5 12. e4 Nb6 13. e5 Nfd5 14. Bxd5 Nxd5 15.
Nc4 Nb4 16. a3 Nc6 17. exd6 exd6 18. Bxg7 Kxg7 19. Qxd6 Nd4 20. Qe5+ Kg8 21.
Nxd4 cxd4 22. Rad1 d3 23. Nd6 Ba6 24. b4 1-0

[Event "Challenge"]
[Site "http://www.queenalice.com/game.php?id=265270"]
[Date "2007.9.1"]
[Round "-"]
[White "Count_Isouard"]
[Black "lesangesleader"]
[Result "1-0"]
[WhiteElo "1690"]
[BlackElo "1658"]

1. e4 e6 2. d4 d5 3. Nd2 a6 4. e5 c5 5. c3 cxd4 6. cxd4 Nc6 7. Ngf3 Bb4 8. a3
Ba5 9. b4 Bb6 10. Nb3 Nge7 11. Bb2 Ba7 12. Be2 O-O 13. O-O Bd7 14. Rc1 Nf5 15.
Nc5 Bxc5 16. bxc5 Rc8 17. Bd3 f6 18. exf6 Qxf6 19. Ne5 Rc7 20. Bb1 Nxe5 21. dxe5
Qf7 22. a4 Ne7 23. f4 Rfc8 24. Ba3 Bc6 25. g4 g6 26. Rc3 h5 27. Rg3 hxg4 28.
Rxg4 Nf5 29. Kf2 Qh7 30. h4 Kf7 31. Rfg1 d4 32. Qb3 Bd5 33. Qh3 Rh8 34. Rxg6 Kf8
35. Bxf5 Qxh4+ 36. Qxh4 1-0

[Event "Challenge"]
[Site "http://www.queenalice.com/game.php?id=272424"]
[Date "2007.9.15"]
[Round "-"]
[White "luizpessoa"]
[Black "Count_Isouard"]
[Result "0-1"]
[WhiteElo "1629"]
[BlackElo "1720"]

1. c4 g6 2. d4 d6 3. h3 f6 4. Nf3 Nh6 5. e3 Bg7 6. Bd3 O-O 7. e4 Nc6 8. Be3 Nf7
9. Qd2 e5 10. d5 Ne7 11. Nc3 f5 12. h4 f4 13. Bxf4 exf4 14. Qxf4 Ne5 15. Qe3 Bg4
16. Nxe5 Bxe5 17. Be2 Bd7 18. h5 Bf4 19. Qd3 g5 20. g3 Be5 21. O-O-O h6 22. Rhg1
Kh7 23. Kb1 Ng8 24. Rdf1 Qf6 25. f3 a6 26. g4 b5 27. cxb5 axb5 28. Nxb5 Bxb5 29.
Qxb5 Rab8 30. Qa5 Rxb2+ 31. Kc1 Bf4+ 32. Kd1 Qd4+ 33. Bd3 Qxd3+ 34. Ke1 Qe2# 0-1

[Event "Challenge"]
[Site "http://www.queenalice.com/game.php?id=285283"]
[Date "2007.10.12"]
[Round "-"]
[White "Count_Isouard"]
[Black "technicaldraw"]
[Result "0-1"]
[WhiteElo "1787"]
[BlackElo "1951"]

1. e4 e6 2. d4 d5 3. Nd2 a6 4. Ngf3 c5 5. exd5 exd5 6. dxc5 Bxc5 7. Nb3 Ba7 8.
Bg5 Nf6 9. Qd2 Qe7+ 10. Be2 O-O 11. O-O-O Bf5 12. Nbd4 Bg6 13. Rhe1 Qc7 14. Bf4
Qd7 15. Ne5 Qa4 16. Nxg6 hxg6 17. f3 Qxa2 18. Nb3 Nc6 19. Bd6 Rfc8 20. Qd3 Nd4
21. Nxd4 Qa1+ 22. Kd2 Qxb2 23. Ke3 Rc3 0-1

[Event "Challenge"]
[Site "http://www.queenalice.com/game.php?id=285284"]
[Date "2007.10.12"]
[Round "-"]
[White "technicaldraw"]
[Black "Count_Isouard"]
[Result "0-1"]
[WhiteElo "1941"]
[BlackElo "1744"]

1. e4 e5 2. Nf3 d5 3. Nxe5 Qe7 4. d4 f6 5. Nf3 dxe4 6. Ng1 Bf5 7. c3 Nd7 8. Be3
O-O-O 9. Bc4 Nh6 10. h3 Ne5 11. Be2 Bg6 12. Nd2 Nd3+ 13. Bxd3 exd3 14. Ngf3 Nf5
15. O-O Nxe3 16. fxe3 Qxe3+ 17. Kh1 Qe6 18. Re1 Qb6 19. Nb3 Bd6 20. c4 Bb4 0-1

[Event "Challenge"]
[Site "http://www.queenalice.com/game.php?id=292105"]
[Date "2007.10.24"]
[Round "-"]
[White "Count_Isouard"]
[Black "toldowisk"]
[Result "0-1"]
[WhiteElo "1771"]
[BlackElo "2060"]

1. e4 e5 2. f4 exf4 3. Nf3 d5 4. exd5 Nf6 5. Bc4 Bd6 6. O-O O-O 7. Nc3 a6 8. d4
b5 9. Bb3 Bb7 10. Ne5 a5 11. a3 b4 12. Nb5 Bxd5 13. Nxd6 cxd6 14. Bxd5 Nxd5 15.
Nd3 bxa3 16. Rxa3 Ne3 17. Bxe3 fxe3 18. Qf3 Nd7 19. Qxe3 Re8 20. Qg3 Nf6 21. Nf2
Re2 22. Qd3 Qe7 0-1

[Event "Challenge"]
[Site "http://www.queenalice.com/game.php?id=447775"]
[Date "2008.8.12"]
[Round "-"]
[White "Grant_Lee_Buffalo"]
[Black "Count_Isouard"]
[Result "1-0"]
[WhiteElo "1784"]
[BlackElo "1706"]

1. e4 c5 2. Nf3 e6 3. Nc3 Nc6 4. a3 d5 5. d3 d4 6. Ne2 e5 7. h3 f6 8. Ng3 Be6 9.
Be2 Bd6 10. Bd2 Nge7 11. O-O Qd7 12. Kh2 g5 13. Nh5 Ng8 14. Qe1 O-O-O 15. b4 g4
16. Ng1 gxh3 17. Nxh3 Bg4 18. Qd1 Bxh5 19. Bxh5 Qg7 20. Bg4+ Kb8 21. bxc5 Bxc5
22. Bf5 Nge7 23. Bg4 Rdg8 24. Bf3 Ng6 25. Rg1 Nh4 26. a4 Ne7 27. g3 Nxf3+ 28.
Qxf3 h5 29. Rg2 Qg4 30. Qxf6 Ng6 31. Rb1 h4 32. Qc6 hxg3+ 33. Rxg3 Rxh3+ 34.
Rxh3 b6 35. a5 Nh4 36. Rg3 Nf3+ 37. Kg2 Nh4+ 38. Kf1 Qc8 39. Qxc8+ Rxc8 40. axb6
axb6 41. Bb4 Bxb4 42. Rxb4 Rc6 43. Rc4 Rf6 44. Rg8+ Kb7 45. Rcc8 Ng6 46. Rb8+
Ka6 47. Rg7 Nf4 48. Rbb7 Rc6 49. Rbc7 Rh6 50. Rh7 Rf6 51. Rce7 Rc6 52. Ra7+ Kb5
53. Ra2 Kb4 54. f3 Rg6 55. Rh2 Rg3 56. Rb2+ Kc5 57. Kf2 1-0

[Event "Let's Play Chess!"]
[Site "http://www.queenalice.com/game.php?id=454392"]
[Date "2008.8.28"]
[Round "-"]
[White "Count_Isouard"]
[Black "Mehe"]
[Result "0-1"]
[WhiteElo "1706"]
[BlackElo "2222"]

1. e4 c5 2. Nf3 a6 3. d4 cxd4 4. Nxd4 Nf6 5. Nc3 e5 6. Nf5 d5 7. Ng3 d4 8. Nce2
Bc5 9. f4 Nc6 10. fxe5 Nxe5 11. Nf4 O-O 12. Be2 Nfg4 13. Nd3 Nxd3+ 14. Bxd3 Qh4
15. Bf4 Bb4+ 16. Kf1 Nxh2+ 17. Kg1 Qxf4 18. Kxh2 Qh4+ 0-1